000 00335nam a2200133Ia 4500
005 20251222144902.0
008 251222s9999||||xx |||||||||||||| ||spa||
020 _a84-7774-171-9
082 _a371.302.81/M84
100 _aMonereo Font, Carles
245 0 _aTomar Apuntes: Un Enfoque Estratégico
264 _bMachado
942 _cLIB
999 _c22020
_d22020